|
|
|
|
| LEADER |
00000ctmaa2200000 a 4500 |
| 001 |
vtls011554029 |
| 003 |
SK-MaSNL |
| 005 |
20260425233209.0 |
| 008 |
230802s1852 xo || 000 s lat |
| 035 |
|
|
|a urn:nbn:sk:snk-tm00cat1
|
| 035 |
|
|
|a urn:nbn:sk:snk-tm3n2fb
|
| 035 |
|
|
|a 0D8405E8-C92B-4305-BD50-0CD23883BA3C
|
| 040 |
|
|
|a SNKLA
|b slo
|c SNKLA
|e AACR2
|
| 041 |
0 |
|
|a lat
|
| 044 |
|
|
|a xo
|c SK
|
| 072 |
|
7 |
|a 27-78
|x Kresťanské združenia, spolky a organizácie. Rehoľné rády
|2 konspekt
|
| 080 |
|
|
|a 101.1
|2 2011
|
| 080 |
|
|
|a 94
|2 2011
|
| 080 |
|
|
|a 16
|2 2011
|
| 080 |
|
|
|a 82-5
|2 2011
|
| 080 |
|
|
|a 025.171
|2 2011
|
| 080 |
|
|
|a 2-11
|2 2011
|
| 245 |
0 |
0 |
|a Psychologia empirica
|b Introductio in logicam ; Introductio in metaphysicam
|
| 260 |
|
|
|a Nitriae
|c 1852
|
| 300 |
|
|
|a 104 nečíslovaných strán
|b rukopis
|c 30 cm
|
| 520 |
2 |
|
|a Zápis prednášok z empirickej psychológie, úvodu do logiky, úvodu do metafyziky a učebná látka na skúšky prvého semestra z čistej logiky a všeobecných dejín národov prednášaná roku 1852 poslucháčom prvého ročníka filozofického štúdia v Nitre
|
| 555 |
0 |
|
|a Inventár rukopisov Archívu literatúry a umenia Matice slovenskej. Rukopisy historických knižníc na Slovensku I. Martin: Matica slovenská 1992
|
| 610 |
2 |
7 |
|a Františkáni (Nitra, Slovensko)
|b Mariánska provincia
|2 SNKLA
|9 348685
|
| 650 |
0 |
7 |
|a filozofia
|2 SNKPH
|9 793
|
| 650 |
0 |
7 |
|a dejiny
|2 SNKPH
|9 3825
|
| 650 |
0 |
7 |
|a logika
|2 SNKPH
|9 806
|
| 650 |
0 |
7 |
|a teologické školy
|2 SNKPH
|9 81400
|
| 655 |
|
7 |
|a prednášky
|2 SNKPH
|9 70554
|
| 655 |
|
7 |
|a rukopisy
|2 SNKPH
|9 70548
|
| 740 |
0 |
2 |
|a Introductio in logicam
|
| 740 |
0 |
2 |
|a Introductio in metaphysicam
|
| 752 |
|
|
|a Slovensko
|d Nitra
|
| 852 |
|
|
|a Slovenská národná knižnica
|b Literárny archív
|
| 958 |
|
|
|a ZH
|
| 958 |
|
|
|a LAVD
|
| 999 |
|
|
|c 759313
|d 761243
|
| 952 |
|
|
|a SNKLA
|b SNKLA
|c SNKLA_DEP
|y NEVYP
|7 0
|p 17A1191288
|o snkRHKS 780
|0 0
|1 0
|4 0
|d 2016-05-20
|f 1
|l 0
|r 2026-02-24 00:00:03
|w 2026-02-24
|